000 02919njm a2200565 i 4500
001 196103
003 ES-MaACL
005 20250904042259.0
007 sd*fsngnnmmned
008 240209s2006 sp opn d / fre
015 _aSON06
017 _aM 48055-2006
_bOficina Depósito Legal Madrid
020 _a9788496832282
035 _a(OCoLC)733210715
035 _a(SpMaBN)a4580552
040 _aSpMaBN
_bspa
_cSpMaBN
_erdc
100 1 _aDebussy, Claude,
_d1862-1918
_9240620
_ecmt
240 1 0 _aPelléas et Mélisande
245 1 0 _aPelléas et Mélisande /
_cDebussy ; libreto de Maurice Maeterlinck
_b[Grabación sonora]
260 _aMadrid :
_bPrisa Innova,
_cD.L. 2006
264 _a©2007
300 _a2 discos (CD Audio) +
_e1 libro (76 páginas)
336 _2rdacontent
_amúsica (interpretada)
337 _2rdamedia
_aaudio
338 _2rdacarrier
_avolumen
490 1 _aLos clásicos de la ópera, 400 años ;
_v24
511 1 _aJacques Jansen, Victoria de los Ángeles, Gérard Souzay, Pierre Froumenty, Jeannine Collard, Françoise Ogeas, Jean Vieuille ; Coros Raymond St. Paul ; Orquesta Nacional de la Radiodifusión Francesa ; André Cluytens, director musical.
518 _aGrabado en Palais de Chaillot, París, en junio de 1956
520 _aHoy vemos a Claude Debussy (1822-1918) como el más profundo creador de la modernidad. Basada en el drama del simbolista belga Maurice Maeterlinck, y estrenada en París en 1902, Pelléas et Mélisande es la anti-ópera en un sentido convencional: ni un agudo, ni un aria de exaltada vocalización. Una obra para los amantes de la música en sentido absoluto, con una armonía flotante e indecisa que evoca la pintura impresionista.
650 7 _aÓperas-
_9137584
_vLibretos
655 7 _aLibretos
_2
_9242219
700 1 _aMaeterlinck, Maurice,
_d1862-1949-
_tPelleas et Mélisande-
_lEspañol-Francés
_9238257
_elbt
700 1 _aJansen, Jacques
_9238258
_eprf
700 1 _aVictoria de los Ángeles,
_d1923-2005
_9237868
_eprf
700 1 _aSouzay, Gérard,
_d1918-2004
_9238259
_eprf
700 1 _aFroumenty, Pierre
_9238260
_eprf
700 1 _aCollard, Jeannine
_9238261
_eprf
700 1 _aOgeas, Françoise
_9238262
_eprf
700 1 _aVieuille, Jean,
_d1902-1967
_9238197
_eprf
700 1 _aCluytens, André,
_d1905-1967
_9238263
_emsd
710 2 _aChoeur Raymond Saint-Paul
_9238264
710 2 _aRadiodiffusion française.
_bOrchestre national
_9238171
852 _aES-MaACL
_bR.155037
_cDEPOJ
_jN-9819
_hDonación: Miren Fernández
_xEncuadernación cartoné
_pVolumen 24
_9205697
903 _aFernández, Miren
_ednr
942 _cMONOGRAFIA
_n0
999 _c196103
_d196103